[Event "7. Festival Benidorm 2008 - Sub-2300"]
[Site "Benidorm ESP"]
[Date "2008.12.03"]
[Round "5.22"]
[White "Muñoz Navarro, Alberto"]
[Black "Sanchez Barbado, Carlos"]
[Result "0-1"]
[WhiteElo "2202"]
[BlackElo "2140"]
[PlyCount "72"]
[EventDate "2008.11.29"]
[EventType "swiss"]
[EventRounds "9"]
[EventCountry "ESP"]
[Source "lmi"]
[SourceDate "2008.11.29"]

1. e4 c5 2. c3 Nf6 3. e5 Nd5 4. d4 cxd4 5. Nf3 d6 6. cxd4 Nc6 7. Bc4 Nb6 8. Bb3
dxe5 9. d5 Na5 10. Nc3 Nxb3 11. Qxb3 g6 12. Nxe5 Bg7 13. Bf4 Nd7 14. Nf3 O-O
15. O-O Qb6 16. Rfe1 Qxb3 17. axb3 Nc5 18. Rxe7 Bf6 19. Re3 Bf5 20. Bd6 Nxb3
21. Bxf8 Nxa1 22. Be7 Bg7 23. d6 Nc2 24. Re2 Nb4 25. Ne5 Nc6 26. Nxc6 bxc6 27.
Na4 Bd4 28. g4 Bd7 29. Rd2 c5 30. Rxd4 cxd4 31. Nc5 Bxg4 32. f3 Bh3 33. d7 Bxd7
34. Nxd7 d3 35. Kf2 Rc8 36. Nc5 d2 0-1

[Event "7. Festival Benidorm 2008 - Sub-2300"]
[Site "Benidorm ESP"]
[Date "2008.12.03"]
[Round "5.25"]
[White "Gomez Anadon, Daniel"]
[Black "Pastor Alonso De Prado, Emilio Alberto"]
[Result "1-0"]
[WhiteElo "2286"]
[BlackElo "2137"]
[PlyCount "51"]
[EventDate "2008.11.29"]
[EventType "swiss"]
[EventRounds "9"]
[EventCountry "ESP"]
[Source "lmi"]
[SourceDate "2008.11.29"]

1. Nf3 d5 2. d4 Nf6 3. e3 e6 4. Bd3 Be7 5. O-O O-O 6. Nbd2 b6 7. Ne5 c5 8. b3
cxd4 9. exd4 Ba6 10. Bxa6 Nxa6 11. Nc6 Qd7 12. Nxe7+ Qxe7 13. Qe2 Nc7 14. a4
Rfc8 15. Ba3 Qd7 16. Nf3 Qc6 17. Ne5 Qc3 18. Rfd1 Nce8 19. Rac1 a6 20. Rd3 Qc7
21. Rf3 Qb7 22. g4 Rc7 23. Rh3 g6 24. Qe3 Rac8 25. Qh6 Rxc2 26. Qf8# 1-0

[Event "7. Festival Benidorm 2008 - Sub-2300"]
[Site "Benidorm ESP"]
[Date "2008.12.04"]
[Round "6.1"]
[White "Scherer, Helmut"]
[Black "Barranco Cara, Francisco Javier"]
[Result "1-0"]
[PlyCount "68"]
[EventDate "2008.11.29"]
[EventType "swiss"]
[EventRounds "9"]
[EventCountry "ESP"]
[Source "lmi"]
[SourceDate "2008.11.29"]
[WhiteElo "2299"]
[BlackElo "2060"]

1. e4 c5 2. Nf3 d6 3. Bb5+ Nd7 4. d4 cxd4 5. Qxd4 Ngf6 6. Bg5 e6 7. Nc3 Be7 8.
O-O-O O-O 9. Rhe1 a6 10. Bxd7 Bxd7 11. Bxf6 Bxf6 12. e5 Be7 13. exd6 Bf6 14.
Ne5 Qa5 15. f4 Rac8 16. g4 b5 17. Kb1 Rc4 18. Nxc4 bxc4 19. Re5 Qb4 20. Qc5 Qb8
21. Qc7 Bxe5 22. fxe5 Qc8 23. Rd4 f6 24. exf6 Rxf6 25. Qxc8+ Bxc8 26. d7 Rf1+
27. Nd1 Bxd7 28. Rxd7 Rf4 29. h3 Rf3 30. Rd4 Rxh3 31. Rxc4 h5 32. gxh5 Rxh5 33.
Kc1 g5 34. Kd2 Rh8 1-0

[Event "7. Festival Benidorm 2008 - Sub-2300"]
[Site "Benidorm ESP"]
[Date "2008.12.04"]
[Round "6.2"]
[White "Uribe Arteaga, Daniel"]
[Black "Chueca Forcen, Alberto"]
[Result "1-0"]
[PlyCount "67"]
[EventDate "2008.11.29"]
[EventType "swiss"]
[EventRounds "9"]
[EventCountry "ESP"]
[Source "lmi"]
[SourceDate "2008.11.29"]
[WhiteElo "2272"]
[BlackElo "2276"]

1. d4 Nf6 2. c4 e6 3. Nc3 c5 4. d5 d6 5. Nf3 exd5 6. cxd5 g6 7. Bf4 Bg7 8. h3
O-O 9. e3 a6 10. a4 Qc7 11. Nd2 Nbd7 12. Nc4 Ne5 13. Nxe5 dxe5 14. d6 Qc6 15.
Bxe5 Be6 16. Qf3 Nd5 17. Bxg7 Kxg7 18. Bc4 Nxe3 19. Qxc6 bxc6 20. Bxe6 Nc2+ 21.
Kd2 Nxa1 22. Bc4 Rfb8 23. Rxa1 Rxb2+ 24. Ke3 Rd8 25. Rd1 a5 26. Ne4 Rb4 27. Ba6
Rxa4 28. Nxc5 Ra3+ 29. Ke2 Ra2+ 30. Kf1 Rc2 31. Nb7 Rd7 32. Nxa5 Rc5 33. Bc8
Rd8 34. Nxc6 1-0

[Event "7. Festival Benidorm 2008 - Sub-2300"]
[Site "Benidorm ESP"]
[Date "2008.12.04"]
[Round "6.3"]
[White "Garcia Albarracin, Francisco D"]
[Black "Minaya, Juan"]
[Result "1-0"]
[PlyCount "55"]
[EventDate "2008.11.29"]
[EventType "swiss"]
[EventRounds "9"]
[EventCountry "ESP"]
[Source "lmi"]
[SourceDate "2008.11.29"]
[WhiteElo "2298"]
[BlackElo "2196"]

1. d4 g6 2. c4 Bg7 3. Nc3 d6 4. e4 Nd7 5. h3 e5 6. d5 Nh6 7. g4 f6 8. Be3 Nf7
9. Qd2 c5 10. Nge2 h5 11. gxh5 Rxh5 12. h4 Nf8 13. Ng3 Rh8 14. h5 Ng5 15. Be2
Kf7 16. O-O-O Bh6 17. Rh2 gxh5 18. Bxh5+ Ke7 19. f4 exf4 20. Bxf4 Nf7 21. Bxh6
Nxh6 22. e5 dxe5 23. d6+ Kd7 24. Bg4+ Nxg4 25. Rxh8 Qe8 26. Rdh1 Qf7 27. Nf5
Ke8 28. d7+ 1-0

[Event "7. Festival Benidorm 2008 - Sub-2300"]
[Site "Benidorm ESP"]
[Date "2008.12.04"]
[Round "6.4"]
[White "Garcia Amoros, Pablo"]
[Black "Lopez Colon, Francisco"]
[Result "0-1"]
[PlyCount "118"]
[EventDate "2008.11.29"]
[EventType "swiss"]
[EventRounds "9"]
[EventCountry "ESP"]
[Source "lmi"]
[SourceDate "2008.11.29"]
[WhiteElo "2172"]
[BlackElo "2249"]

1. e4 d6 2. d4 Nf6 3. Nc3 g6 4. Be3 c6 5. Qd2 b5 6. Bd3 e5 7. dxe5 dxe5 8. Nf3
Nbd7 9. O-O Bg7 10. a4 b4 11. Nd1 a5 12. b3 O-O 13. Nb2 Qe7 14. Qe2 Nc5 15. Bc1
Nh5 16. Nc4 Bg4 17. Ncd2 f5 18. h3 fxe4 19. Bxe4 Nf4 20. Qe3 Nxe4 21. hxg4 Nc3
22. Ne4 Nfe2+ 23. Kh2 Rxf3 24. Qxf3 Qh4+ 25. Qh3 Qxh3+ 26. gxh3 Nxe4 27. Be3
Nd4 28. Bxd4 exd4 29. Rfe1 Nxf2 30. Rab1 Rf8 31. Re6 Bh6 32. Kg2 Be3 33. Rxc6
Kg7 34. Rf1 Kh6 35. Ra6 Rc8 36. Rxf2 Bxf2 37. Kxf2 Rxc2+ 38. Ke1 Rc3 39. h4
Rxb3 40. Rxa5 Rg3 41. Rb5 Rxg4 42. a5 Rxh4 43. Rxb4 Rh1+ 44. Kd2 Ra1 45. Rb5 g5
46. Kd3 Ra4 47. Rd5 Kh5 48. Kc2 Kg6 49. Kb3 Ra1 50. Kb2 Re1 51. Rxd4 h5 52. a6
h4 53. a7 Re8 54. Ra4 Ra8 55. Kc2 h3 56. Kd3 Kh5 57. Ke3 h2 58. Ra1 Kg4 59. Kf2
Rxa7 0-1

[Event "7. Festival Benidorm 2008 - Sub-2300"]
[Site "Benidorm ESP"]
[Date "2008.12.04"]
[Round "6.5"]
[White "Goormachtigh, Johan"]
[Black "Santos, Jose Alves"]
[Result "1/2-1/2"]
[PlyCount "78"]
[EventDate "2008.11.29"]
[EventType "swiss"]
[EventRounds "9"]
[EventCountry "ESP"]
[Source "lmi"]
[SourceDate "2008.11.29"]
[WhiteElo "2242"]
[BlackElo "2192"]

1. d4 d5 2. Nf3 c6 3. c4 e6 4. e3 Be7 5. Bd3 f5 6. b3 Nf6 7. O-O O-O 8. Ne5
Nbd7 9. cxd5 Nxe5 10. dxe5 Nxd5 11. a3 Qc7 12. Bb2 Rd8 13. Qc2 Qb6 14. Re1 Bd7
15. Nd2 Be8 16. Nc4 Qc7 17. Rad1 Bg6 18. g3 Nb6 19. Nxb6 axb6 20. a4 Bh5 21.
Be2 Bxe2 22. Rxe2 Rxd1+ 23. Qxd1 Bb4 24. Qd4 c5 25. Qd6 Qxd6 26. exd6 c4 27.
bxc4 Kf7 28. Bd4 Bxd6 29. Rb2 e5 30. Rxb6 exd4 31. Rxd6 dxe3 32. fxe3 Rxa4 33.
Rd7+ Kf6 34. Rxb7 Rxc4 35. Rb2 h5 36. h4 Ke5 37. Kf2 Ke4 38. Ra2 g6 39. Rd2 g5
1/2-1/2

[Event "7. Festival Benidorm 2008 - Sub-2300"]
[Site "Benidorm ESP"]
[Date "2008.12.04"]
[Round "6.6"]
[White "Carrascoso Morales, Abel"]
[Black "Lacrosse, Marc"]
[Result "1/2-1/2"]
[WhiteElo "2234"]
[BlackElo "2181"]
[PlyCount "41"]
[EventDate "2008.11.29"]
[EventType "swiss"]
[EventRounds "9"]
[EventCountry "ESP"]
[Source "lmi"]
[SourceDate "2008.11.29"]

1. e4 e5 2. Nf3 Nc6 3. Bb5 a6 4. Bxc6 dxc6 5. O-O Bd6 6. d4 exd4 7. Qxd4 f6 8.
Be3 Ne7 9. Nbd2 Be6 10. Qc3 Ng6 11. Nd4 Qe7 12. Nxe6 Qxe6 13. Qc4 Qe7 14. Qb3
O-O-O 15. Rfe1 Rhe8 16. Rad1 Ne5 17. f3 Rd7 18. Nf1 Red8 19. Rc1 h5 20. a3 h4
21. h3 1/2-1/2

[Event "7. Festival Benidorm 2008 - Sub-2300"]
[Site "Benidorm ESP"]
[Date "2008.12.04"]
[Round "6.7"]
[White "Barbu, Nicolae"]
[Black "Avila Jimenez, Javier"]
[Result "0-1"]
[WhiteElo "2166"]
[BlackElo "2217"]
[PlyCount "60"]
[EventDate "2008.11.29"]
[EventType "swiss"]
[EventRounds "9"]
[EventCountry "ESP"]
[Source "lmi"]
[SourceDate "2008.11.29"]

1. e4 d5 2. exd5 Qxd5 3. Nc3 Qd6 4. d4 Nf6 5. Bg5 a6 6. Qd2 Bf5 7. Nf3 Nbd7 8.
O-O-O O-O-O 9. Bf4 Qb6 10. Ng5 Bg6 11. f3 e6 12. Bd3 h6 13. Nge4 Qxd4 14. Qe2
Qb4 15. a3 Qa5 16. Nxf6 Bxd3 17. Rxd3 Nxf6 18. Rxd8+ Kxd8 19. Rd1+ Kc8 20. Rd4
Be7 21. Rc4 Ne8 22. Kb1 Kb8 23. g4 Bd6 24. b4 Qb6 25. Be3 c5 26. Ne4 Qb5 27.
Nxd6 Nxd6 28. Bf4 Rd8 29. Qd3 Ka8 30. a4 Qxc4 0-1

[Event "7. Festival Benidorm 2008 - Sub-2300"]
[Site "Benidorm ESP"]
[Date "2008.12.04"]
[Round "6.8"]
[White "Megias Chafer, Alejandro"]
[Black "Serna Lara, Sergio"]
[Result "1/2-1/2"]
[WhiteElo "2159"]
[BlackElo "2265"]
[PlyCount "69"]
[EventDate "2008.11.29"]
[EventType "swiss"]
[EventRounds "9"]
[EventCountry "ESP"]
[Source "lmi"]
[SourceDate "2008.11.29"]

1. e4 d5 2. exd5 Qxd5 3. Nc3 Qd6 4. d4 Nf6 5. Nf3 c6 6. h3 Bf5 7. Bc4 e6 8. Qe2
Be7 9. Bg5 Nbd7 10. O-O-O Nb6 11. Bb3 Nbd5 12. Nxd5 Nxd5 13. Bxe7 Qxe7 14. g4
Bg6 15. h4 h6 16. Bxd5 cxd5 17. Ne5 O-O 18. g5 h5 19. Rde1 Bf5 20. Qxh5 Rfc8
21. Re2 g6 22. Qh6 Qf8 23. Qxf8+ Kxf8 24. h5 gxh5 25. Rxh5 Kg7 26. f3 Rh8 27.
Reh2 Rxh5 28. Rxh5 Rc8 29. c3 b5 30. a3 a5 31. Kd2 b4 32. axb4 axb4 33. Rh1
bxc3+ 34. bxc3 Ra8 35. Rc1 1/2-1/2

[Event "7. Festival Benidorm 2008 - Sub-2300"]
[Site "Benidorm ESP"]
[Date "2008.12.04"]
[Round "6.9"]
[White "Tello Nuñez, Alejandro"]
[Black "Acebal Muñiz, Antonio"]
[Result "1-0"]
[WhiteElo "2263"]
[BlackElo "2148"]
[PlyCount "53"]
[EventDate "2008.11.29"]
[EventType "swiss"]
[EventRounds "9"]
[EventCountry "ESP"]
[Source "lmi"]
[SourceDate "2008.11.29"]

1. d4 d5 2. c4 e6 3. Nc3 Nf6 4. Nf3 Be7 5. Bf4 O-O 6. e3 c5 7. dxc5 Bxc5 8. Qc2
Qa5 9. O-O-O Nc6 10. a3 a6 11. Na4 Be7 12. b4 Qd8 13. c5 Nd7 14. g4 Re8 15. h4
Bf8 16. Ng5 Nf6 17. Bd3 g6 18. h5 e5 19. hxg6 fxg6 20. Bxg6 Re7 21. Bxh7+ Nxh7
22. Rxh7 exf4 23. Qg6+ Rg7 24. Rxg7+ Bxg7 25. Qf7+ Kh8 26. Rh1+ Bh6 27. Qh7#
1-0

[Event "7. Festival Benidorm 2008 - Sub-2300"]
[Site "Benidorm ESP"]
[Date "2008.12.04"]
[Round "6.10"]
[White "Galvan Huaraca, Jesus"]
[Black "Roig Grau, Jesus"]
[Result "1/2-1/2"]
[WhiteElo "2221"]
[BlackElo "2161"]
[PlyCount "130"]
[EventDate "2008.11.29"]
[EventType "swiss"]
[EventRounds "9"]
[EventCountry "ESP"]
[Source "lmi"]
[SourceDate "2008.11.29"]

1. d4 d5 2. c4 e6 3. Nc3 c6 4. e4 dxe4 5. Nxe4 Bb4+ 6. Bd2 Bxd2+ 7. Qxd2 Nf6 8.
Nxf6+ Qxf6 9. Nf3 Nd7 10. O-O-O O-O 11. Bd3 Rd8 12. Qe3 b6 13. Ne5 Bb7 14. Qe4
Nxe5 15. dxe5 Qh6+ 16. f4 g6 17. h4 Rd7 18. Qe3 Rad8 19. h5 Qg7 20. hxg6 hxg6
21. c5 Qf8 22. Bc4 Qxc5 23. Qxc5 bxc5 24. Rxd7 Rxd7 25. b3 Kg7 26. Kc2 Rd4 27.
g3 g5 28. Rf1 gxf4 29. gxf4 Kg6 30. Bd3+ Kh5 31. f5 exf5 32. Rxf5+ Kg6 33. Rf6+
Kg7 34. Kc3 Rd7 35. Rd6 Re7 36. Bc4 Kf8 37. e6 fxe6 38. Bxe6 Rh7 39. Rd8+ Kg7
40. Rd7+ Kh6 41. Rxh7+ Kxh7 42. Kc4 Kg7 43. Kxc5 Kf6 44. Kd6 c5 45. Bc4 Be4 46.
a4 Bf3 47. a5 Be4 48. Bd5 Bxd5 49. Kxd5 Ke7 50. Kxc5 Kd7 51. Kb5 Kc7 52. Ka6
Kb8 53. Kb5 Kb7 54. Kc5 Kc7 55. Kd5 Kd7 56. b4 Kc7 57. b5 Kb7 58. Kd6 Kc8 59.
Kc6 Kb8 60. Kd7 Kb7 61. Kd6 Kc8 62. Kc6 Kb8 63. Kd5 Kb7 64. Ke6 Kb8 65. Kd6 Kc8
1/2-1/2

[Event "7. Festival Benidorm 2008 - Sub-2300"]
[Site "Benidorm ESP"]
[Date "2008.12.04"]
[Round "6.11"]
[White "Sanchez Barbado, Carlos"]
[Black "Sabater Sanchez, Asensio"]
[Result "1/2-1/2"]
[WhiteElo "2140"]
[BlackElo "2220"]
[PlyCount "48"]
[EventDate "2008.11.29"]
[EventType "swiss"]
[EventRounds "9"]
[EventCountry "ESP"]
[Source "lmi"]
[SourceDate "2008.11.29"]

1. e4 Nf6 2. e5 Nd5 3. d4 d6 4. c4 Nb6 5. exd6 exd6 6. Nc3 Be7 7. Bd3 Nc6 8.
Nge2 O-O 9. O-O Bf6 10. Be3 Nb4 11. b3 Nxd3 12. Qxd3 g6 13. Bh6 Re8 14. Ng3 Bh8
15. Rfe1 Bd7 16. Nce4 f5 17. Ng5 Qf6 18. Nf3 Rxe1+ 19. Rxe1 Re8 20. Rxe8+ Bxe8
21. Qe2 Bf7 22. h4 Qe6 23. Qd2 Qe7 24. Ng5 Bg7 1/2-1/2

[Event "7. Festival Benidorm 2008 - Sub-2300"]
[Site "Benidorm ESP"]
[Date "2008.12.04"]
[Round "6.12"]
[White "Garcia Gata, Jorge David"]
[Black "Murcia Paredes, Angel"]
[Result "1-0"]
[WhiteElo "2140"]
[BlackElo "2206"]
[PlyCount "131"]
[EventDate "2008.11.29"]
[EventType "swiss"]
[EventRounds "9"]
[EventCountry "ESP"]
[Source "lmi"]
[SourceDate "2008.11.29"]

1. d4 Nf6 2. Nf3 g6 3. c4 Bg7 4. Nc3 d6 5. e4 O-O 6. Be3 e5 7. dxe5 dxe5 8.
Qxd8 Rxd8 9. Nd5 Nxd5 10. cxd5 c6 11. Bc4 cxd5 12. Bxd5 Nc6 13. Ng5 Rd7 14.
O-O-O h6 15. Bxc6 bxc6 16. Rxd7 Bxd7 17. Rd1 Be8 18. Nf3 a5 19. Bb6 a4 20. Rd8
Rxd8 21. Bxd8 f6 22. Be7 Bf7 23. a3 Be6 24. Kc2 Kf7 25. Bc5 h5 26. Be3 Bf8 27.
Kc3 Ke8 28. Ne1 Kd7 29. Nd3 Bf7 30. Bc5 Bh6 31. Bb4 h4 32. Nc5+ Kc7 33. Nxa4 h3
34. g3 f5 35. Nc5 f4 36. Nd3 fxg3 37. fxg3 Be6 38. Bc5 Bc8 39. a4 Ba6 40. Nf2
Bc8 41. b4 Bg5 42. a5 Bf6 43. Kd3 Bg5 44. Ke2 Bh6 45. Kf3 Bd2 46. g4 Bf4 47.
Nxh3 Bxh2 48. Kg2 Bf4 49. Nxf4 exf4 50. Kf3 Kd7 51. Kxf4 Ke6 52. e5 Kf7 53. Kg5
Kg7 54. Bd6 Kf7 55. Bc7 Kg7 56. Bd8 Kf7 57. Bf6 Ke8 58. Kxg6 Bxg4 59. a6 Bc8
60. a7 Bb7 61. Bh4 c5 62. bxc5 Kd7 63. Kf6 Bd5 64. e6+ Kc7 65. e7 Kd7 66. a8=Q
1-0

[Event "7. Festival Benidorm 2008 - Sub-2300"]
[Site "Benidorm ESP"]
[Date "2008.12.04"]
[Round "6.13"]
[White "Gonzalez Aguirre, Luis"]
[Black "Montero Fernandez, Oscar"]
[Result "0-1"]
[WhiteElo "2110"]
[BlackElo "2200"]
[PlyCount "84"]
[EventDate "2008.11.29"]
[EventType "swiss"]
[EventRounds "9"]
[EventCountry "ESP"]
[Source "lmi"]
[SourceDate "2008.11.29"]

1. Nf3 Nf6 2. d4 e6 3. Bf4 b6 4. e3 Be7 5. h3 O-O 6. Bd3 c5 7. c3 Ba6 8. Bxa6
Nxa6 9. Qd3 Qc8 10. Nbd2 d5 11. Ne5 Qb7 12. Bg5 Rad8 13. f4 Nb8 14. Bxf6 Bxf6
15. O-O Nd7 16. Ng4 Rfe8 17. Nf3 Be7 18. Ng5 Nf8 19. Rf2 f6 20. Nf3 Bd6 21.
Raf1 cxd4 22. Nxd4 Bb8 23. Qc2 Rc8 24. Nh2 b5 25. Qe2 a6 26. a3 Qf7 27. Nhf3
Qg6 28. Nd2 e5 29. fxe5 Rxe5 30. Nf5 Rce8 31. Rf3 Ne6 32. Rg3 Ng5 33. Qd3 Rxf5
34. Rxf5 Bxg3 35. Qxd5+ Kh8 36. h4 Bxh4 37. Nf1 Nh3+ 38. Kh2 Nf2 39. Rf4 Ng4+
40. Kh3 Nxe3 41. Qc6 Nxf1 42. Rg4 Re3+ 0-1

[Event "7. Festival Benidorm 2008 - Sub-2300"]
[Site "Benidorm ESP"]
[Date "2008.12.04"]
[Round "6.15"]
[White "Gimeno Higueras, Roberto"]
[Black "Lakunza Oyarbide, Juan Carlos"]
[Result "1-0"]
[WhiteElo "2187"]
[BlackElo "2122"]
[PlyCount "74"]
[EventDate "2008.11.29"]
[EventType "swiss"]
[EventRounds "9"]
[EventCountry "ESP"]
[Source "lmi"]
[SourceDate "2008.11.29"]

1. e4 e5 2. Nf3 Nc6 3. b3 Nf6 4. Bb2 Bc5 5. Nc3 Ng4 6. d4 exd4 7. Nd5 O-O 8.
Bd3 d6 9. Qd2 Nge5 10. O-O-O Be6 11. Be2 a5 12. Nxd4 a4 13. f4 Nxd4 14. Bxd4
Bxd4 15. Qxd4 Nc6 16. Qc3 axb3 17. axb3 Ra5 18. b4 Ra7 19. b5 Bxd5 20. Rxd5 Ne7
21. Rg5 Ng6 22. Kb2 Qe7 23. Bd3 Rfa8 24. Rb1 Ra3 25. Qd4 R8a4 26. Bc4 Ne5 27.
fxe5 Qxg5 28. exd6 cxd6 29. Qxd6 Qf6+ 30. e5 Qxd6 31. exd6 Rb4+ 32. Kxa3 Rxb1
33. d7 Rd1 34. Bd3 Ra1+ 35. Kb4 Ra8 36. Kc5 Kf8 37. Kd6 g6 1-0

[Event "7. Festival Benidorm 2008 - Sub-2300"]
[Site "Benidorm ESP"]
[Date "2008.12.04"]
[Round "6.16"]
[White "Diez Machin, Vicente"]
[Black "Fernandez Manrique, Agustin"]
[Result "0-1"]
[WhiteElo "2010"]
[BlackElo "2169"]
[PlyCount "66"]
[EventDate "2008.11.29"]
[EventType "swiss"]
[EventRounds "9"]
[EventCountry "ESP"]
[Source "lmi"]
[SourceDate "2008.11.29"]

1. e4 e6 2. d4 d5 3. e5 c5 4. c3 Qb6 5. Nf3 Nc6 6. a3 Nh6 7. b4 cxd4 8. cxd4
Nf5 9. Be3 f6 10. b5 Nxe3 11. fxe3 Nd8 12. Nc3 Nf7 13. exf6 gxf6 14. Bd3 Bh6
15. Qd2 Bd7 16. O-O Rc8 17. Na4 Qd6 18. Nc5 Rxc5 19. dxc5 Qxc5 20. Qe2 Qxe3+
21. Kh1 Qxe2 22. Bxe2 e5 23. Rad1 d4 24. a4 Ke7 25. Rfe1 Be3 26. Bc4 Nd6 27.
Bd5 Bg4 28. h3 Bxf3 29. gxf3 Rc8 30. Re2 Rc5 31. Bg8 h5 32. h4 Nf5 33. Bh7 Ng3+
0-1

[Event "7. Festival Benidorm 2008 - Sub-2300"]
[Site "Benidorm ESP"]
[Date "2008.12.04"]
[Round "6.17"]
[White "Sanchez Quiroga, Miguel Angel"]
[Black "Castellanos Bogalo, Antonio"]
[Result "1-0"]
[WhiteElo "2163"]
[BlackElo "2095"]
[PlyCount "123"]
[EventDate "2008.11.29"]
[EventType "swiss"]
[EventRounds "9"]
[EventCountry "ESP"]
[Source "lmi"]
[SourceDate "2008.11.29"]

1. e4 e5 2. Bc4 Nf6 3. d3 d5 4. exd5 Nxd5 5. Nf3 Nc6 6. O-O Be7 7. Re1 Bg4 8.
h3 Be6 9. Nxe5 Nxe5 10. Rxe5 O-O 11. Nd2 Qd7 12. Nf3 Bf6 13. Re1 h6 14. d4 Rad8
15. Bb3 b5 16. a4 a6 17. axb5 axb5 18. c3 c5 19. dxc5 Qc7 20. Nd4 Qxc5 21. Nxe6
fxe6 22. Qe2 Kh8 23. Bxd5 exd5 24. Be3 Qc6 25. Ra5 Rb8 26. Qd3 b4 27. cxb4 Bxb2
28. Rxd5 Rxb4 29. Rb1 Qc3 30. Qg6 Qf6 31. Qc2 Rbb8 32. Rbd1 Be5 33. Qe4 Rbe8
34. Qg4 Re7 35. Bc5 Rff7 36. Rd8+ Kh7 37. Qe4+ g6 38. Qb4 Rb7 39. Qe4 Rbc7 40.
Be3 Rce7 41. Qg4 Bc7 42. R8d7 Qe5 43. g3 h5 44. Rxe7 Qxe7 45. Qd4 Qe6 46. Kg2
Qc6+ 47. Qd5 Qf6 48. Bd4 Qe7 49. Qa8 Rf8 50. Qb7 Rf7 51. Ra1 Bd6 52. Qc6 Qd7
53. Qa8 Qb7+ 54. Qxb7 Rxb7 55. Ra8 g5 56. Rh8+ Kg6 57. Rg8+ Kf5 58. Be3 Be7 59.
Rg7 Rc7 60. Bxg5 Bd6 61. Rxc7 Bxc7 62. Bc1 1-0

[Event "7. Festival Benidorm 2008 - Sub-2300"]
[Site "Benidorm ESP"]
[Date "2008.12.04"]
[Round "6.19"]
[White "Daneri, Martin"]
[Black "Gomez Anadon, Daniel"]
[Result "0-1"]
[WhiteElo "2174"]
[BlackElo "2286"]
[PlyCount "108"]
[EventDate "2008.11.29"]
[EventType "swiss"]
[EventRounds "9"]
[EventCountry "ESP"]
[Source "lmi"]
[SourceDate "2008.11.29"]

1. e4 c5 2. Nc3 d6 3. f4 Nf6 4. Bb5+ Bd7 5. a4 Nc6 6. Nf3 e6 7. d3 Be7 8. O-O
O-O 9. Qe1 Nd4 10. Nxd4 cxd4 11. Ne2 Bxb5 12. axb5 Qb6 13. Qb4 a5 14. Qxd4 Qxb5
15. Nc3 Qc6 16. Qa4 Qb6+ 17. Kh1 Rfc8 18. Bd2 d5 19. e5 Ng4 20. h3 Nh6 21. g4
Qc6 22. f5 d4+ 23. Ne4 Qxc2 24. Bxh6 Qxd3 25. Nf2 Qf3+ 26. Kh2 gxh6 27. fxe6
fxe6 28. Qxd4 Rc2 29. Qb6 Bc5 30. Qxe6+ Kh8 31. Qf5 Rxf2+ 32. Rxf2 Qxf2+ 33.
Kh1 Qxf5 34. gxf5 Bd4 35. e6 a4 36. e7 Bf6 37. Rxa4 Re8 38. Rb4 Rxe7 39. b3 Kg7
40. Kg2 Bc3 41. Rc4 Bd2 42. Rd4 Be3 43. Rd6 Bc5 44. Rd5 b6 45. Kf3 Kf6 46. Rd3
Kxf5 47. Rd5+ Re5 48. Rd3 Kg5 49. Rc3 h5 50. h4+ Kxh4 51. Rc4+ Kg5 52. b4 Rf5+
53. Kg2 Rf4 54. Rc2 Rf2+ 0-1

[Event "7. Festival Benidorm 2008 - Sub-2300"]
[Site "Benidorm ESP"]
[Date "2008.12.04"]
[Round "6.20"]
[White "Lillo Ferrer, Jose Maria M."]
[Black "Varga Novak, Mariano"]
[Result "1-0"]
[WhiteElo "2150"]
[BlackElo "2276"]
[PlyCount "67"]
[EventDate "2008.11.29"]
[EventType "swiss"]
[EventRounds "9"]
[EventCountry "ESP"]
[Source "lmi"]
[SourceDate "2008.11.29"]

1. e4 c5 2. Nc3 e6 3. Nf3 Nc6 4. d4 cxd4 5. Nxd4 d6 6. Be3 Nf6 7. f4 Be7 8. Bd3
e5 9. Nde2 Ng4 10. Qd2 Nxe3 11. Qxe3 exf4 12. Nxf4 O-O 13. Ncd5 Ne5 14. O-O-O
Bg5 15. Kb1 Bg4 16. Be2 Be6 17. Qa3 a6 18. g3 Rc8 19. h4 Bh6 20. Rhf1 Re8 21.
Ne3 Rc6 22. Nxe6 fxe6 23. Ng4 Nxg4 24. Bxg4 Qe7 25. Qb3 b5 26. a4 bxa4 27. Qxa4
Rec8 28. Qb3 Re8 29. Rd3 g6 30. h5 Bg7 31. Rdf3 Rc7 32. c3 Be5 33. h6 Rc5 34.
Qxe6+ 1-0